=LDR 00000nam 2200000 4500 =001 INLIS000000000006306 =005 20251106013133 =035 ##$$a 0010-1125000180 =007 ta =008 251106###########################0#ind## =082 ##$$a 363.96 =084 ##$$a 363.96 GEO m =100 #$$a Geoffrey Salkeld =245 1#$$a Messages, Media and Methods In Family Planning Communication /$c Badan Koordinasi Keluarga Berencana Nasional =260 ##$:$b Badan Koordinasi Keluarga Berencana Nasional =300 ##$$a 12 Hal : $b Ilus ; $c 21 =650 #4$$a Keluarga Berencana =856 ##$$a Perpustakaan Kemendukbangga